000
00216nam a22000857a 4500
008
170110b xxu||||| |||| 00| 0 eng d
100
_9
2305
_a
Mahajan.S.
245
_a
Education for Social Labour
260
_a
India
_b
NBT
_c
2008
999
_c
5213
_d
5213